[Event "Oberliga Nord W 2122"]
[Site "Germany"]
[Date "2022.04.24"]
[Round "5.5"]
[White "Pollmann, Sascha"]
[Black "Zschischang, Gunnar"]
[Result "1-0"]
[WhiteElo "2075"]
[BlackElo "2094"]
[PlyCount "83"]
[EventDate "2021.10.10"]
[EventType "team-tourn"]
[EventRounds "9"]
[EventCountry "GER"]
[SourceTitle "EXT 2023"]
[Source "ChessBase"]
[SourceDate "2022.10.05"]
[SourceVersion "1"]
[SourceVersionDate "2022.10.05"]
[SourceQuality "1"]
[WhiteTeam "Werder Bremen III"]
[BlackTeam "Lehrte"]
[WhiteTeamCountry "GER"]
[BlackTeamCountry "GER"]

1. Nf3 d5 2. g3 Nf6 3. Bg2 e6 4. 0-0 Be7 5. d4 Nbd7 6. c4 c6 7. Qc2 Ne4 8. Nbd2 f5 9. Ne5 Nxe5 10. dxe5 Nxd2 11. Bxd2 0-0 12. b4 Bd7 13. Rfd1 b5 14. c5 Qe8 15. a4 a6 16. Qd3 bxa4 17. Rxa4 Bc8 18. Rda1 Bb7 19. f4 Qc8 20. e3 Qc7 21. Bc3 Ra7 22. Bd4 Rfa8 23. Qa3 Bd8 24. Bc3 Qc8 25. Bf1 Be7 26. Bd4 Qe8 27. Qb2 Qb8 28. Bd3 Qc8 29. Qe2 g6 30. h3 Kh8 31. Kh2 Bd8 32. Bc3 Be7 33. Bd4 Bd8 34. Qe1 Be7 35. R4a2 Qf8 36. Qc3 Qe8 37. Qc2 Qb8 38. g4 Qe8 39. Qe2 Qc8 40. gxf5 exf5 41. e6+ Kg8 42. Bxf5 1-0

[Event "Oberliga Nord W 2122"]
[Site "Germany"]
[Date "2022.03.06"]
[Round "7.4"]
[White "Zschischang, Gunnar"]
[Black "Herrmann, Andreas"]
[Result "0-1"]
[WhiteElo "2094"]
[BlackElo "2057"]
[PlyCount "77"]
[EventDate "2021.10.10"]
[EventType "team-tourn"]
[EventRounds "9"]
[EventCountry "GER"]
[SourceTitle "EXT 2023"]
[Source "ChessBase"]
[SourceDate "2022.10.05"]
[SourceVersion "1"]
[SourceVersionDate "2022.10.05"]
[SourceQuality "1"]
[WhiteTeam "Lehrte"]
[BlackTeam "Hannover"]
[WhiteTeamCountry "GER"]
[BlackTeamCountry "GER"]

1. d4 Nf6 2. c4 e6 3. Nc3 Bb4 4. Qc2 c5 5. dxc5 Bxc5 6. Nf3 Nc6 7. e3 0-0 8. Be2 b6 9. 0-0 Bb7 10. a3 Rc8 11. b4 Be7 12. Bb2 Qc7 13. Rac1 Qb8 14. Rfd1 Qa8 15. Qb3 Rfd8 16. Na4 d6 17. Ne1 Nb8 18. Bf3 Nbd7 19. Bxb7 Qxb7 20. Nf3 b5 21. cxb5 Qxb5 22. Nd4 Qb7 23. Nc3 Ne5 24. a4 d5 25. b5 Nc4 26. Nb1 Ne4 27. Ba3 Bf6 28. f3 Nc5 29. Bxc5 Rxc5 30. Na3 Rdc8 31. Nxc4 Rxc4 32. Rxc4 dxc4 33. Qc2 Qb6 34. Kf2 a6 35. Nc6 axb5 36. axb5 c3 37. Rb1 g6 38. Qd3 Ra8 39. Kg3 0-1

[Event "Calvia Amateur op 16th"]
[Site "Calvia"]
[Date "2019.10.10"]
[Round "6"]
[White "Zschischang, Gunnar"]
[Black "Altarriba Gracia, Sergio"]
[Result "1-0"]
[WhiteElo "2103"]
[BlackElo "1996"]
[PlyCount "71"]
[EventDate "2019.10.05"]
[EventType "swiss"]
[EventRounds "9"]
[EventCountry "ESP"]
[SourceTitle "CBM 192 Extra"]
[Source "Chessbase"]
[SourceDate "2019.11.06"]
[SourceVersion "1"]
[SourceVersionDate "2019.11.06"]
[SourceQuality "1"]

1. d4 Nf6 2. Nf3 g6 3. Nc3 d5 4. Bf4 Bg7 5. e3 0-0 6. Be2 c5 7. Ne5 Nc6 8. Qd2 Ne4 9. Nxc6 bxc6 10. Nxe4 dxe4 11. c3 Qb6 12. 0-0 Be6 13. Qc2 h6 14. h4 f5 15. b3 Kh7 16. Rab1 Bf6 17. dxc5 Qxc5 18. b4 Qb6 19. c4 Bd7 20. c5 Qb7 21. a4 a6 22. Rfc1 e5 23. Bh2 Rfc8 24. Qc4 Kg7 25. Rd1 Be8 26. Rd6 Bf7 27. Qc3 Re8 28. b5 axb5 29. axb5 cxb5 30. Bxb5 Re7 31. c6 Qc7 32. Rbd1 Ra5 33. Bf1 Re6 34. Rd7 Qb6 35. Bc4 Qxc6 36. Rxf7+ 1-0

[Event "Oberliga Nord W 1920"]
[Site "Germany"]
[Date "2019.09.29"]
[Round "1.8"]
[White "Sinnhoefer, Jonas"]
[Black "Zschischang, Gunnar"]
[Result "0-1"]
[WhiteElo "1863"]
[BlackElo "2103"]
[PlyCount "90"]
[EventDate "2019.09.29"]
[EventType "team-tourn"]
[EventRounds "9"]
[EventCountry "GER"]
[SourceTitle "CBM 195 Extra"]
[Source "ChessBase"]
[SourceDate "2020.05.31"]
[SourceVersion "1"]
[SourceVersionDate "2020.05.31"]
[SourceQuality "1"]

1. e4 c5 2. c4 Nc6 3. Nf3 e5 4. Nc3 g6 5. Be2 Bg7 6. 0-0 Nge7 7. d3 0-0 8. Ne1 d6 9. Nc2 h6 10. f4 exf4 11. Bxf4 g5 12. Bd2 f5 13. Ne3 f4 14. Ned5 Bd4+ 15. Kh1 Ne5 16. Nb5 Bxb2 17. Rb1 Nxd5 18. cxd5 Bd4 19. Nxd4 cxd4 20. Qa4 b6 21. Qxd4 Qe7 22. Qf2 Bd7 23. d4 Ng4 24. Bxg4 Bxg4 25. Rfe1 Qf7 26. Bb4 Rfd8 27. Rbc1 a5 28. Ba3 b5 29. Rc6 b4 30. Bb2 a4 31. h3 Bh5 32. g4 Bg6 33. Qf3 Rac8 34. Rec1 Rxc6 35. Rxc6 Qh7 36. Qe2 Bxe4+ 37. Kh2 f3 38. Qe1 Rf8 39. Qf2 Qf7 40. Bc1 Qxd5 41. Rc7 Qa5 42. Re7 d5 43. h4 Rc8 44. Kg3 Qd8 45. Re5 Rxc1 0-1

[Event "Duesseldorf Nord Cup 9th GrB"]
[Site "Duesseldorf"]
[Date "2009.08.16"]
[Round "5.3"]
[White "Zschischang, Gunnar"]
[Black "Schuelke, Tilman"]
[Result "1-0"]
[WhiteElo "2219"]
[BlackElo "2083"]
[PlyCount "117"]
[EventDate "2009.08.14"]
[EventType "tourn"]
[EventRounds "5"]
[EventCountry "GER"]
[SourceTitle "EXT 2017"]
[Source "ChessBase"]
[SourceDate "2016.10.25"]
[SourceVersion "1"]
[SourceVersionDate "2016.10.25"]
[SourceQuality "1"]

1. e4 a6 2. d4 b5 3. c4 bxc4 4. Bxc4 e6 5. Nc3 Ne7 6. d5 Ng6 7. Nge2 Bc5 8. 0-0 0-0 9. Nd4 Kh8 10. Kh1 e5 11. Nf5 d6 12. Be3 Bxe3 13. fxe3 Nh4 14. g3 Nxf5 15. exf5 Nd7 16. Qh5 Rb8 17. b3 f6 18. g4 Nb6 19. Be2 e4 20. Rad1 Qe8 21. Qxe8 Rxe8 22. Rd4 Bb7 23. Rfd1 Re5 24. Kg2 g6 25. fxg6 hxg6 26. Kg3 Rbe8 27. Bf1 f5 28. g5 Kg7 29. h4 Rh8 30. Bc4 Nc8 31. Ne2 Re7 32. Nf4 Nb6 33. b4 Ra8 34. Be2 a5 35. b5 Rc8 36. Rc1 Kh7 37. Rc2 Re5 38. Rcd2 Kg7 39. Bd1 Kh7 40. Bb3 Re7 41. Rh2 Rg8 42. Rc2 Rc8 43. Rc3 Ra8 44. a4 Rc8 45. Rd2 Kg7 46. Rc1 Kh7 47. Rdc2 Ba8 48. Rh2 Kg7 49. h5 gxh5 50. Rxh5 Rg8 51. Ne6+ Kf7 52. Rh7+ Ke8 53. Rxe7+ Kxe7 54. Rxc7+ Ke8 55. Ra7 Bxd5 56. Nc7+ Kf8 57. Nxd5 Nxd5 58. Bxd5 Rxg5+ 59. Kf4 1-0

[Event "Duesseldorf Nord Cup 9th GrB"]
[Site "Duesseldorf"]
[Date "2009.08.15"]
[Round "2.2"]
[White "Zschischang, Gunnar"]
[Black "Zeldin, Leonid"]
[Result "1/2-1/2"]
[WhiteElo "2219"]
[BlackElo "2117"]
[PlyCount "84"]
[EventDate "2009.08.14"]
[EventType "tourn"]
[EventRounds "5"]
[EventCountry "GER"]
[SourceTitle "EXT 2017"]
[Source "ChessBase"]
[SourceDate "2016.10.25"]
[SourceVersion "1"]
[SourceVersionDate "2016.10.25"]
[SourceQuality "1"]

1. e4 c5 2. Nf3 d6 3. d4 cxd4 4. Nxd4 Nf6 5. Nc3 a6 6. a4 e5 7. Nb3 Be6 8. Bg5 Nbd7 9. Be2 Rc8 10. Nd5 Bxd5 11. exd5 Be7 12. Be3 Nb6 13. Bxb6 Qxb6 14. 0-0 0-0 15. c4 Nd7 16. Nd2 f5 17. b4 e4 18. Rb1 Qa7 19. Nb3 Bf6 20. Qd2 Kh8 21. Rfc1 f4 22. Bg4 e3 23. Qe2 Rc7 24. Bxd7 Rxd7 25. fxe3 Re7 26. c5 Rxe3 27. Qf2 Bg5 28. Re1 Qb8 29. Nd4 Bh6 30. Ne6 Rf6 31. Rbc1 Rxe1+ 32. Rxe1 a5 33. cxd6 Qxd6 34. Qc5 Qd7 35. Rc1 Kg8 36. Qxa5 Qe8 37. Rc7 f3 38. Qc5 Qxa4 39. Rc8+ Kf7 40. Rf8+ Kg6 41. Rxf6+ gxf6 42. gxf3 Qd1+ 1/2-1/2

[Event "Goch op 18th"]
[Site "Goch"]
[Date "2007.10.04"]
[Round "1"]
[White "Nent, Alexander"]
[Black "Zschischang, Gunnar"]
[Result "1/2-1/2"]
[WhiteElo "1771"]
[BlackElo "2207"]
[PlyCount "62"]
[EventDate "2007.10.04"]
[EventType "swiss"]
[EventRounds "7"]
[EventCountry "GER"]
[SourceTitle "EXT 2011"]
[Source "ChessBase"]
[SourceDate "2010.11.26"]
[SourceVersion "1"]
[SourceVersionDate "2010.11.26"]
[SourceQuality "1"]

1. d4 Nc6 2. c4 e5 3. d5 Bb4+ 4. Bd2 Bxd2+ 5. Qxd2 Nce7 6. e4 Ng6 7. Nc3 d6 8. Nge2 Nf6 9. g3 0-0 10. Bg2 Ng4 11. 0-0 f5 12. exf5 Bxf5 13. Ne4 h6 14. N2c3 Qd7 15. b4 Nf6 16. Nxf6+ Rxf6 17. Ne4 Rf7 18. c5 Raf8 19. Qe3 b6 20. cxd6 cxd6 21. Rac1 Ne7 22. Qd2 Bxe4 23. Bxe4 Nf5 24. Bxf5 Qxf5 25. Rc6 Rf6 26. Rc7 R8f7 27. Rxf7 Rxf7 28. Rc1 e4 29. Qd4 Re7 30. Re1 Re5 31. a4 Re7 1/2-1/2

[Event "Oberliga Nord W 0506"]
[Site "Germany"]
[Date "2006.04.02"]
[Round "9.4"]
[White "Zschischang, Gunnar"]
[Black "Piepho, Niels"]
[Result "1/2-1/2"]
[WhiteElo "2230"]
[BlackElo "2278"]
[PlyCount "58"]
[EventDate "2005.10.23"]
[EventType "team-tourn"]
[EventRounds "9"]
[EventCountry "GER"]
[SourceTitle "CBM 111 Extra"]
[Source "ChessBase"]
[SourceDate "2006.05.09"]
[SourceVersion "1"]
[SourceVersionDate "2006.05.09"]
[SourceQuality "1"]
[WhiteTeam "Jever"]
[BlackTeam "Hannover PSC"]
[WhiteTeamCountry "GER"]
[BlackTeamCountry "GER"]

1. Nc3 d6 2. d4 Nf6 3. Bg5 g6 4. Qd2 c6 5. a4 Bg7 6. e4 0-0 7. h3 Qc7 8. Nf3 Nbd7 9. Bh6 Bxh6 10. Qxh6 Qa5 11. Bd3 c5 12. 0-0 cxd4 13. Nxd4 Nc5 14. Nf3 Nxd3 15. cxd3 Qh5 16. Qxh5 Nxh5 17. Nd5 e6 18. Nc7 Rb8 19. Nb5 Rd8 20. Nxa7 Bd7 21. g3 Ra8 22. Nb5 Ra6 23. Rfc1 Rb6 24. Rc7 Bxb5 25. axb5 Rxb5 26. Ra7 Rxb2 27. Raxb7 Rxb7 28. Rxb7 Nf6 29. Ng5 Rd7 1/2-1/2

[Event "Staufer op 18th"]
[Site "Schwaebisch Gmuend"]
[Date "2006.01.06"]
[Round "9"]
[White "Heika, Martin"]
[Black "Zschischang, Gunnar"]
[Result "1-0"]
[WhiteElo "2365"]
[BlackElo "2230"]
[PlyCount "85"]
[EventDate "2006.01.02"]
[EventType "swiss"]
[EventRounds "9"]
[EventCountry "GER"]
[SourceTitle "EXT 2007"]
[Source "ChessBase"]
[SourceDate "2006.11.23"]
[SourceVersion "1"]
[SourceVersionDate "2006.11.23"]
[SourceQuality "1"]

1. e4 e6 2. d4 d5 3. Nc3 Nf6 4. e5 Nfd7 5. f4 c5 6. Nf3 Nc6 7. Ne2 cxd4 8. Nexd4 Be7 9. c3 Nc5 10. Be3 a5 11. Be2 0-0 12. 0-0 Bd7 13. Qc2 Rc8 14. Rae1 a4 15. Nxc6 Bxc6 16. Nd4 a3 17. b3 Bd7 18. Rd1 Qc7 19. Bf3 Na6 20. Rc1 b5 21. Qe2 Qb8 22. b4 Nc7 23. Nb3 Na6 24. Bd4 Rc4 25. Qe3 Rfc8 26. f5 exf5 27. Bxd5 Be6 28. Bxc4 bxc4 29. Nd2 Nc7 30. Qe2 Qb5 31. Kh1 Nd5 32. Nb3 Bg5 33. Nd2 Nf4 34. Qe3 Nh3 35. Qxh3 Bxd2 36. Rcd1 Bh6 37. Bc5 Qa4 38. Qh4 Qa8 39. Rd6 Bd5 40. Rd1 Bxg2+ 41. Kg1 f6 42. Qxc4+ Kh8 43. Qa6 1-0

[Event "Staufer op 18th"]
[Site "Schwaebisch Gmuend"]
[Date "2006.01.04"]
[Round "6"]
[White "Zschischang, Gunnar"]
[Black "Deglmann, Ludwig"]
[Result "1-0"]
[WhiteElo "2230"]
[BlackElo "2363"]
[PlyCount "39"]
[EventDate "2006.01.02"]
[EventType "swiss"]
[EventRounds "9"]
[EventCountry "GER"]
[SourceTitle "EXT 2007"]
[Source "ChessBase"]
[SourceDate "2006.11.23"]
[SourceVersion "1"]
[SourceVersionDate "2006.11.23"]
[SourceQuality "1"]

1. Nc3 d5 2. d4 e6 3. e4 h6 4. Bd3 Nc6 5. Be3 Bb4 6. Qg4 dxe4 7. Bxe4 Nf6 8. Qxg7 Rg8 9. Bxc6+ bxc6 10. Qxh6 Ba6 11. Nf3 Rxg2 12. Ne5 Qe7 13. a3 Bxc3+ 14. bxc3 0-0-0 15. Bg5 Rxf2 16. Kxf2 Ne4+ 17. Ke3 Nxg5 18. Nxc6 Qd7 19. Nxa7+ Kb8 20. Qxg5 1-0

[Event "Oberliga Nord W 0506"]
[Site "Germany"]
[Date "2005.12.11"]
[Round "4.4"]
[White "Baeumler, Ilja"]
[Black "Zschischang, Gunnar"]
[Result "1-0"]
[WhiteElo "2185"]
[BlackElo "2230"]
[PlyCount "131"]
[EventDate "2005.10.23"]
[EventType "team-tourn"]
[EventRounds "9"]
[EventCountry "GER"]
[SourceTitle "CBM 111 Extra"]
[Source "ChessBase"]
[SourceDate "2006.05.09"]
[SourceVersion "1"]
[SourceVersionDate "2006.05.09"]
[SourceQuality "1"]
[WhiteTeam "Uelzen Post"]
[BlackTeam "Jever"]
[WhiteTeamCountry "GER"]
[BlackTeamCountry "GER"]

1. e4 c5 2. c3 Nf6 3. e5 Nd5 4. d4 cxd4 5. Nf3 e6 6. cxd4 d6 7. Bc4 Nb6 8. Bd3 dxe5 9. dxe5 N8d7 10. Qe2 Nc5 11. Bc2 Nd5 12. 0-0 Be7 13. Rd1 Bd7 14. Nbd2 Qb6 15. Ne4 Bb5 16. Qe1 Nxe4 17. Bxe4 Bc6 18. a3 a5 19. Nd4 Ba4 20. Rd3 Bc5 21. Bxd5 Bxd4 22. Bxb7 Rd8 23. Be4 Bb5 24. Bg5 Bxd3 25. Bxd8 Qxb2 26. Rd1 Bxe4 27. Qxe4 Bxf2+ 28. Kh1 0-0 29. Bxa5 Qxa3 30. Bc7 Qe3 31. Qb4 Qc5 32. Qb7 Qc2 33. Rb1 h5 34. Rf1 Qe2 35. Rc1 Be3 36. Rb1 Qc2 37. Bd6 Rc8 38. Rf1 Bf4 39. g3 Rc4 40. gxf4 Re4 41. Qb8+ Kh7 42. Qb1 Qe2 43. Be7 g6 44. Qd1 Qxd1 45. Rxd1 Rxf4 46. h4 Re4 47. Bf6 g5 48. hxg5 Kg6 49. Rd8 Kf5 50. Kg2 Kg4 51. Kf2 h4 52. Rh8 Rf4+ 53. Kg2 Ra4 54. g6 h3+ 55. Rxh3 Ra2+ 56. Kf1 fxg6 57. Re3 Kf4 58. Re2 Rxe2 59. Kxe2 g5 60. Kf2 g4 61. Kg2 g3 62. Bg7 Kg4 63. Bf8 Kf4 64. Bd6 Kg4 65. Bb4 Kf4 66. Bc3 1-0

[Event "Goch op 16th"]
[Site "Goch"]
[Date "2005.10.02"]
[Round "4"]
[White "Zschischang, Gunnar"]
[Black "Gorissen, Hubert"]
[Result "1-0"]
[WhiteElo "2230"]
[BlackElo "2025"]
[PlyCount "57"]
[EventDate "2005.09.30"]
[EventType "swiss"]
[EventRounds "7"]
[EventCountry "GER"]
[SourceTitle "EXT 2007"]
[Source "ChessBase"]
[SourceDate "2006.11.23"]
[SourceVersion "1"]
[SourceVersionDate "2006.11.23"]
[SourceQuality "1"]

1. Nc3 e5 2. Nf3 Nc6 3. d4 exd4 4. Nxd4 d5 5. Bf4 Bb4 6. Nxc6 bxc6 7. Qd4 Bxc3+ 8. Qxc3 Nf6 9. Qxc6+ Bd7 10. Qc5 c6 11. 0-0-0 Ne4 12. Qe3 0-0 13. f3 Nf6 14. Qc5 a5 15. a4 Be6 16. e4 Nd7 17. Qc3 Nb6 18. b3 Qe7 19. Be3 Rab8 20. Bc5 Qg5+ 21. Qe3 Qxe3+ 22. Bxe3 Rfe8 23. Bf4 Rbc8 24. Ba6 Ra8 25. Bb7 Ra7 26. Bxc6 Rc8 27. exd5 Bf5 28. Be3 Nxd5 29. Bxa7 1-0

[Event "Oberliga Nord W 0405"]
[Site "Germany"]
[Date "2005.04.10"]
[Round "9.5"]
[White "Hoellmann, Ludger"]
[Black "Zschischang, Gunnar"]
[Result "1-0"]
[WhiteElo "2255"]
[BlackElo "2233"]
[PlyCount "64"]
[EventDate "2004.10.24"]
[EventType "team-tourn"]
[EventRounds "9"]
[EventCountry "GER"]
[SourceTitle "EXT 2006"]
[Source "ChessBase"]
[SourceDate "2005.11.24"]
[SourceVersion "1"]
[SourceVersionDate "2005.11.24"]
[SourceQuality "1"]
[WhiteTeam "Nordhorn Blanke"]
[BlackTeam "Jever"]
[WhiteTeamCountry "GER"]
[BlackTeamCountry "GER"]

1. c4 c5 2. g3 Nc6 3. Bg2 g6 4. Nc3 Bg7 5. a3 e5 6. b4 d6 7. Rb1 cxb4 8. axb4 Nge7 9. b5 Nd4 10. e3 Ne6 11. Nge2 0-0 12. Ba3 f5 13. Nd5 Nxd5 14. Bxd5 Kh8 15. d3 Nc7 16. Bg2 g5 17. Nc3 Rf6 18. 0-0 f4 19. Ne4 Rh6 20. d4 Bf5 21. dxe5 Bxe5 22. Bb2 Qe7 23. Bxe5+ dxe5 24. Rb2 Rf8 25. Rd2 g4 26. exf4 exf4 27. Re1 f3 28. Nd6 Qf6 29. Bf1 b6 30. Qa1 Qxa1 31. Rxa1 Ne6 32. Ra4 Bg6 1-0

[Event "Oberliga Nord W 0405"]
[Site "Germany"]
[Date "2004.11.28"]
[Round "3.6"]
[White "Zschischang, Gunnar"]
[Black "Hoffmann, Norbert"]
[Result "1/2-1/2"]
[WhiteElo "2233"]
[BlackElo "2089"]
[PlyCount "126"]
[EventDate "2004.10.24"]
[EventType "team-tourn"]
[EventRounds "9"]
[EventCountry "GER"]
[SourceTitle "EXT 2006"]
[Source "ChessBase"]
[SourceDate "2005.11.24"]
[SourceVersion "1"]
[SourceVersionDate "2005.11.24"]
[SourceQuality "1"]
[WhiteTeam "Jever"]
[BlackTeam "Goettingen Tempo"]
[WhiteTeamCountry "GER"]
[BlackTeamCountry "GER"]

1. Nc3 d5 2. e4 dxe4 3. Nxe4 Bf5 4. Qf3 Qd5 5. Nd6+ Qxd6 6. Qxf5 Nc6 7. Nf3 Nf6 8. c3 g6 9. Qc2 Bg7 10. d4 0-0 11. Be2 e5 12. dxe5 Nxe5 13. Nxe5 Qxe5 14. 0-0 Rfe8 15. Bf3 c6 16. Be3 Nd5 17. Bd4 Qg5 18. Bxg7 Kxg7 19. Qb3 Re7 20. Rad1 Nf6 21. Rfe1 Rae8 22. Rxe7 Rxe7 23. Qa3 Qe5 24. g3 a6 25. Qd6 Qxd6 26. Rxd6 Re1+ 27. Kg2 Rb1 28. Rd2 Kf8 29. h4 Ke7 30. g4 h6 31. g5 hxg5 32. hxg5 Nd5 33. Bxd5 cxd5 34. Kf3 Ke6 35. Ke3 Re1+ 36. Kd4 Kd6 37. Kd3 Ke5 38. c4 d4 39. f4+ Kxf4 40. Rf2+ Kxg5 41. Rxf7 b6 42. Kxd4 Re2 43. Kc3 a5 44. Rb7 Re6 45. c5 Rc6 46. Rxb6 Rxc5+ 47. Kd4 Rc2 48. Rb5+ Kf4 49. Kd3 Rh2 50. a4 g5 51. b4 axb4 52. Rxb4+ Kf3 53. Kc4 g4 54. a5 g3 55. Rb3+ Kf4 56. Rb1 Ra2 57. Kb5 g2 58. Rg1 Kf3 59. a6 Kf2 60. Rxg2+ Kxg2 61. Kb6 Kf3 62. a7 Ke4 63. Kb7 Kd5 1/2-1/2

[Event "Oberliga Nord W 0405"]
[Site "Germany"]
[Date "2004.10.24"]
[Round "1.6"]
[White "Zschischang, Gunnar"]
[Black "Fischbach, Harald"]
[Result "0-1"]
[WhiteElo "2233"]
[BlackElo "2259"]
[PlyCount "76"]
[EventDate "2004.10.24"]
[EventType "team-tourn"]
[EventRounds "9"]
[EventCountry "GER"]
[SourceTitle "EXT 2006"]
[Source "ChessBase"]
[SourceDate "2005.11.24"]
[SourceVersion "1"]
[SourceVersionDate "2005.11.24"]
[SourceQuality "1"]
[WhiteTeam "Jever"]
[BlackTeam "Oldenburg Union"]
[WhiteTeamCountry "GER"]
[BlackTeamCountry "GER"]

1. e4 c5 2. Nf3 d6 3. d4 cxd4 4. Nxd4 Nf6 5. Nc3 a6 6. Be3 e6 7. Be2 Qc7 8. 0-0 b5 9. Bf3 Bb7 10. a3 Nc6 11. Nxc6 Bxc6 12. Re1 Be7 13. Bf4 Nd7 14. Qe2 Ne5 15. Rad1 0-0 16. Bxe5 dxe5 17. Rd3 a5 18. Red1 b4 19. Nd5 exd5 20. exd5 Bb5 21. d6 Bxd6 22. Bxa8 Rxa8 23. Qe4 Bc6 24. Qc4 Bf8 25. Rd7 Qxd7 26. Rxd7 Bxd7 27. Qd5 Ra7 28. Qxe5 Ba4 29. h4 Bxc2 30. h5 h6 31. g4 bxa3 32. bxa3 a4 33. f4 Re7 34. Qc3 Bb3 35. f5 Re4 36. Qg3 Bc5+ 37. Kg2 Re2+ 38. Kf1 Bc4 0-1

[Event "Goch op 15th"]
[Site "Goch"]
[Date "2004.10.03"]
[Round "7"]
[White "Koziak, Vitali"]
[Black "Zschischang, Gunnar"]
[Result "1-0"]
[WhiteElo "2466"]
[BlackElo "2233"]
[PlyCount "67"]
[EventDate "2004.09.30"]
[EventType "swiss"]
[EventRounds "7"]
[EventCountry "GER"]
[SourceTitle "EXT 2006"]
[Source "ChessBase"]
[SourceDate "2005.11.24"]
[SourceVersion "1"]
[SourceVersionDate "2005.11.24"]
[SourceQuality "1"]

1. Nf3 c5 2. c4 Nc6 3. d4 cxd4 4. Nxd4 e5 5. Nb5 d6 6. e4 a6 7. N5c3 Nf6 8. Be2 Nd4 9. 0-0 Be7 10. Na3 Be6 11. Be3 Nxe2+ 12. Qxe2 Ng4 13. Bd2 0-0 14. Nc2 f5 15. exf5 Bxf5 16. Ne3 Nxe3 17. Bxe3 Qe8 18. Nd5 Bd8 19. Rad1 Qg6 20. f3 Rc8 21. Rd2 Be6 22. b3 Rf7 23. a3 h5 24. Kh1 Bh4 25. Nc3 Bf5 26. Qd1 e4 27. Rxd6 Bf6 28. f4 h4 29. Nd5 Bg4 30. Nxf6+ gxf6 31. Qd5 Kh7 32. f5 Qh5 33. h3 Rg7 34. Rxf6 1-0

[Event "Goch op 15th"]
[Site "Goch"]
[Date "2004.10.01"]
[Round "2"]
[White "Zschischang, Gunnar"]
[Black "Montignies, Rainer"]
[Result "1-0"]
[WhiteElo "2233"]
[BlackElo "2073"]
[PlyCount "41"]
[EventDate "2004.09.30"]
[EventType "swiss"]
[EventRounds "7"]
[EventCountry "GER"]
[SourceTitle "EXT 2006"]
[Source "ChessBase"]
[SourceDate "2005.11.24"]
[SourceVersion "1"]
[SourceVersionDate "2005.11.24"]
[SourceQuality "1"]

1. Nc3 c5 2. Nf3 Nc6 3. d4 cxd4 4. Nxd4 g6 5. e4 Bg7 6. Be3 Nf6 7. Nxc6 bxc6 8. e5 Ng8 9. Bd4 Qa5 10. e6 Bxd4 11. exf7+ Kxf7 12. Qxd4 Nf6 13. 0-0-0 Qb6 14. Qf4 Rb8 15. Bc4+ d5 16. Bb3 Bd7 17. Rhe1 Rhe8 18. Rxd5 cxd5 19. Nxd5 Qd8 20. Nxf6+ Rxb3 21. Nxe8+ 1-0

[Event "Oberliga Nord W 0203"]
[Site "Germany"]
[Date "2003.02.09"]
[Round "6.7"]
[White "Zschischang, Gunnar"]
[Black "Cordes, Klaus"]
[Result "1-0"]
[WhiteElo "2200"]
[BlackElo "2214"]
[PlyCount "105"]
[EventDate "2002.10.20"]
[EventType "team"]
[EventRounds "9"]
[EventCountry "GER"]
[SourceTitle "EXT 2004"]
[Source "ChessBase"]
[SourceDate "2003.11.25"]
[SourceVersion "1"]
[SourceVersionDate "2003.11.25"]
[SourceQuality "1"]
[WhiteTeam "Jever"]
[BlackTeam "Hannover Post"]
[WhiteTeamCountry "GER"]
[BlackTeamCountry "GER"]

1. Nc3 c5 2. Nf3 Nc6 3. d4 cxd4 4. Nxd4 g6 5. Bg5 Bg7 6. Ndb5 Nf6 7. Nd5 Nxd5 8. Nd6+ Kf8 9. Qxd5 Qa5+ 10. Qxa5 Nxa5 11. Nxc8 Bxb2 12. Bxe7+ Kg7 13. Rb1 Bc3+ 14. Kd1 Raxc8 15. e3 Rhe8 16. Bb4 Re5 17. Bd3 Bxb4 18. Rxb4 b6 19. Ke2 Rec5 20. Rd1 d5 21. Rd2 R8c7 22. Rb5 Nc4 23. Bxc4 dxc4 24. Rd5 Rxb5 25. Rxb5 Rc6 26. Rd5 Kf6 27. Kd2 Ke6 28. Rd4 b5 29. Kc3 a5 30. a3 Rc5 31. Rd8 Rd5 32. Rb8 Rh5 33. h3 Rg5 34. Rb6+ Ke7 35. Rb7+ Kf8 36. g4 h5 37. f4 Rd5 38. e4 b4+ 39. axb4 axb4+ 40. Rxb4 Rd1 41. Kxc4 Rd2 42. gxh5 gxh5 43. Rb5 Rxc2+ 44. Kd3 Rf2 45. Ke3 Ra2 46. Rxh5 Kg7 47. Kf3 Ra3+ 48. Kg4 Re3 49. Kf5 f6 50. Rh4 Ra3 51. Rg4+ Kf7 52. h4 Rf3 53. Rg6 1-0